000 01119cam a2200301 a 4500
001 12792077
003 OSt
005 20160425181032.0
008 020529s2003 nyua 001 0 eng
010 _a 2002072594
020 _a0716746204
040 _aDLC
_cDLC
_dDLC
050 0 0 _aQD151.5
_b.R39 2003
082 0 0 _a546
_221
_bRAY 2002
100 1 _aRayner-Canham, Geoffrey.
_98269
245 1 0 _aDescriptive inorganic chemistry.
250 _a3rd ed. /
_bGeoff Rayner-Canham, Tina Overton.
260 _aNew York :
_bW.H. Freeman,
_c2002.
300 _a1 v. (various pagings) :
_bill. ;
_c26 cm.
500 _aIncludes index.
650 0 _aChemistry, Inorganic.
_98270
700 1 _aOverton, Tina.
_98271
856 4 1 _3Table of contents
_uhttp://www.loc.gov/catdir/toc/fy043/2002072594.html
856 4 2 _3Publisher description
_uhttp://www.loc.gov/catdir/enhancements/fy1009/2002072594-d.html
906 _a7
_bcbc
_corignew
_d1
_eocip
_f20
_gy-gencatlg
942 _2ddc
_cSLOAN
999 _c3750
_d3750